Phú Việt Nam Cổ và Kim

Сохранить в:
Библиографические подробности
Главный автор: PHONG CHÂU
Формат:
Язык:Undetermined
Опубликовано: H. VHTT 2002
Предметы:
Метки: Добавить метку
Нет меток, Требуется 1-ая метка записи!
Thư viện lưu trữ: Trung tâm Học liệu Trường Đại học Cần Thơ
LEADER 00467nam a2200169Ia 4500
001 CTU_50172
008 210402s9999 xx 000 0 und d
082 |a 808.1 
082 |b Ph431 
100 |a PHONG CHÂU 
245 0 |a Phú Việt Nam Cổ và Kim 
245 0 |c PHONG CHÂU, Nguyễn Văn Phú 
260 |a H. 
260 |b VHTT 
260 |c 2002 
650 |a vietnamese poetry, theory of 
980 |a Trung tâm Học liệu Trường Đại học Cần Thơ